Missing Word: Disney Animated Films Quiz Stats

 Plays Quiz Updated Mar 5, 2016

Challenge
Share
Tweet
Embed
Score 0/35 Timer 03:00
1 Play Today
Disney title Missing Word % Correct
Lady and the ______Tramp
92.8%
______ in WonderlandAlice
92.6%
The Hunchback of ______ DameNotre
92.5%
Snow White and the ______ DwarfsSeven
91.8%
______ HoodRobin
91.7%
______ and the BeastBeauty
91.4%
Peter ______Pan
90.9%
The ______ KingLion
90.2%
The Emperor's New ______Groove
87.6%
______ & StitchLilo
84.9%
The ______ in the StoneSword
84.8%
The Princess and the ______Frog
81.9%
The ______ and the HoundFox
79.8%
The Many ______ of Winnie the PoohAdventures
77.9%
______ on the RangeHome
75%
The ______ BookJungle
74.5%
______ the RobinsonsMeet
74.5%
Atlantis: The ______ EmpireLost
72.5%
Disney title Missing Word % Correct
______ BeautySleeping
69.8%
The Little ______Mermaid
66.2%
One Hundred and One ______Dalmatians
62.7%
The Great ______ DetectiveMouse
62.3%
______ LittleChicken
59.5%
______ BearBrother
59.1%
______ & CompanyOliver
59%
The ______ Down UnderRescuers
39.2%
Treasure ______Planet
38.2%
______ 2000Fantasia
34.1%
Fun and ______ FreeFancy
30.7%
The Black ______Cauldron
27.3%
The Adventures of ______ and Mr. ToadIchabod
17.3%
Melody ______Time
13.9%
Make ______ MusicMine
13.2%
The Three ______Caballeros
12.1%
______ AmigosSaludos
10.1%

Today's Daily Dose

You're not logged in!

Compare scores with friends on all Sporcle quizzes.
OR
Log In

You Might Also Like...

Show Comments

Extras

Top Quizzes Today


Score Distribution

Your Account Isn't Verified!

In order to create a playlist on Sporcle, you need to verify the email address you used during registration. Go to your Sporcle Settings to finish the process.

Report this User

Report this user for behavior that violates our Community Guidelines.

Details: